000 00727nam a2200241Ia 4500
003 OSt
005 20220927105212.0
006 a|||||r|||| 00| 0
007 ta
008 220926b |||||||| |||| 00| 0 eng d
024 _a159567
037 _cReference Collections
040 _aRTL
_cRTL
_beng
041 _2eng
_aeng
082 _a"X71. 212. N64, K4"
110 _aKERALA (Govt. of-)
_9370867
245 0 _aDetailed estimates of reciept and disbursements under debt heads 1964-65
260 _aTrivendrum
_bGovt. press
_c1964
300 _a65p
_ccm.
700 _aKERALA (Govt. of-)
_9370868
942 _h"X71. 212. N64, K4"
_cCC
999 _c691137
_d691137